000 00514nam a22001937a 4500
003 MPLRDC
005 20220104195126.0
008 210129b ||||| |||| 00| 0 eng d
020 _a978-986-398-023-0
082 _a418.995 ZTCY
100 _a中条春野
245 _a给全家人的芳香疗法入门
_c陈佩君 译
250 _a一版一刷
260 _a台湾
_b天下杂志股份有限公司
_c2015
300 _b
490 _a乐活 030
650 _a芳香疗法
942 _cBK
_o418.995 ZTCY
999 _c66024
_d66014